High temperature resistant fibers from organic polymers : (Record no. 136073)
[ view plain ]
| 000 -LEADER | |
|---|---|
| fixed length control field | 01145cam9a220027700 4500 |
| 001 - CONTROL NUMBER | |
| control field | lce00968523 |
| 008 - FIXED-LENGTH DATA ELEMENTS--GENERAL INFORMATION | |
| fixed length control field | 700717s1969 nyua b 101 0 eng |
| 010 ## - LIBRARY OF CONGRESS CONTROL NUMBER | |
| LC control number | 74013890 |
| 020 ## - INTERNATIONAL STANDARD BOOK NUMBER | |
| Terms of availability | 6.00 |
| 035 ## - SYSTEM CONTROL NUMBER | |
| System control number | (Sirsi) r96038 |
| 035 ## - SYSTEM CONTROL NUMBER | |
| System control number | (DLC) 74013890 |
| 035 ## - SYSTEM CONTROL NUMBER | |
| System control number | (UPRA)lce00968523 |
| 040 ## - CATALOGING SOURCE | |
| Modifying agency | UPRA |
| 050 0# - LIBRARY OF CONGRESS CALL NUMBER | |
| Classification number | TS1548.5 |
| Item number | .H47 |
| 082 ## - DEWEY DECIMAL CLASSIFICATION NUMBER | |
| Classification number | 667/.4 |
| 245 00 - TITLE STATEMENT | |
| Title | High temperature resistant fibers from organic polymers : |
| Remainder of title | American Chemical Society symposium / |
| Statement of responsibility, etc. | edited by J. Preston. |
| 260 ## - PUBLICATION, DISTRIBUTION, ETC. | |
| Place of publication, distribution, etc. | New York : |
| Name of publisher, distributor, etc. | Interscience Publishers, |
| Date of publication, distribution, etc. | [c1969] |
| 440 #0 - SERIES STATEMENT/ADDED ENTRY--TITLE | |
| Title | Applied polymer symposia ; |
| Volume/sequential designation | no. 9 |
| Linkage | S9003.1 |
| 500 ## - GENERAL NOTE | |
| General note | Contains mainly papers presented at a symposium held at the 156th meeting of the American Chemical Society, Sept. 9-11, 1968, Atlantic City. |
| 504 ## - BIBLIOGRAPHY, ETC. NOTE | |
| Bibliography, etc. note | Includes bibliographical references. |
| 650 #0 - SUBJECT ADDED ENTRY--TOPICAL TERM | |
| Topical term or geographic name entry element | Textile fibers, Synthetic -- Congresses. |
| General subdivision | Textile fibers, Synthetic -- Congresses. |
| Linkage | S42459.1 |
| 700 1# - ADDED ENTRY--PERSONAL NAME | |
| Personal name | Preston, Jack, 1931- |
| Dates associated with a name | Preston, Jack, 1931- |
| Linkage | A54730.1 |
| 710 2# - ADDED ENTRY--CORPORATE NAME | |
| Corporate name or jurisdiction name as entry element | American Chemical Society. |
| Linkage | A9034.1 |
| 949 ## - LOCAL PROCESSING INFORMATION (OCLC) | |
| a | TS1548.5 |
| w | lcc |
| i | 33729000314166 |
| m | MAIN |
| p | 2500 |
| t | BOOK |
| l | ON-SHELF |
No items available.